Hóa sinh học (Nông nghiệp) : Sách dùng cho sinh viên các trường cao đẳng sư phạm
Thành phần hóa học, cấu trúc tính chất của các nhóm hợp chất cơ bản của tế bào, cơ thể sống. Các quá trình chuyển hóa trao đổi chất trao đổi năng lượng.
保存先:
| 第一著者: | |
|---|---|
| フォーマット: | 図書 |
| 言語: | Undetermined |
| 出版事項: |
Hà Nội
Giáo dục
2000
|
| 主題: | |
| タグ: |
タグ追加
タグなし, このレコードへの初めてのタグを付けませんか!
|
| Thư viện lưu trữ: | Trung tâm Học liệu Trường Đại học Cần Thơ |
|---|
| LEADER | 00924nam a2200229Ia 4500 | ||
|---|---|---|---|
| 001 | CTU_160428 | ||
| 008 | 210402s9999 xx 000 0 und d | ||
| 020 | |c 18000 | ||
| 082 | |a 572 | ||
| 082 | |b H305 | ||
| 100 | |a Nguyễn, Thị Hiền | ||
| 245 | 0 | |a Hóa sinh học (Nông nghiệp) : | |
| 245 | 0 | |b Sách dùng cho sinh viên các trường cao đẳng sư phạm | |
| 245 | 0 | |c Nguyễn Thị Hiền, Vũ Thị Thư | |
| 260 | |a Hà Nội | ||
| 260 | |b Giáo dục | ||
| 260 | |c 2000 | ||
| 520 | |a Thành phần hóa học, cấu trúc tính chất của các nhóm hợp chất cơ bản của tế bào, cơ thể sống. Các quá trình chuyển hóa trao đổi chất trao đổi năng lượng. | ||
| 650 | |a Biochemistry | ||
| 650 | |x Agriculture | ||
| 904 | |i Bạch Trúc | ||
| 980 | |a Trung tâm Học liệu Trường Đại học Cần Thơ | ||